Statistics for Countries with No Airports

Click here to take the quiz!

General Stats

  • This quiz has been taken 64 times
  • The average score is 5 of 5

Answer Stats

Answer% Correct
Vatican City
100%
Andorra
97%
Liechtenstein
95%
San Marino
95%
Monaco
92%

Score Distribution

Percentile by Number Answered

Percent of People with Each Score

Your Score History

You have not taken this quiz